| 000 | 00824nam a2200253 i 4500 | ||
|---|---|---|---|
| 001 | bg | ||
| 100 | 1 |
_aFROMM, Erich _d(1900-1980) |
|
| 245 | 1 | 0 |
_aO sztuce istnienia / _cErich Fromm ; z ang. tł. Robert Saciuk. |
| 246 |
_iTyt. oryg.: _aVom Haben zum Sein 1989. |
||
| 260 |
_aWarszawa ; _aWrocław : _bWydaw. Naukowe PWN, _c1997. |
||
| 300 |
_a131, [1] s. ; _c21 cm. |
||
| 500 | _aPodst. tł. : "The art of being" 1992. - Oryg. : Vom Haben zum Sein, 1989. | ||
| 504 | _aBibliogr. s. 131-[132]. | ||
| 650 | 9 |
_aAntropologia filozoficzna _xzagadnienia |
|
| 650 | 9 |
_aJakość życia _xpsychologia |
|
| 650 | 9 |
_aŚwiadomość _xzagadnienia |
|
| 020 | _a8301124415 | ||
| 040 | _cBPK | ||
| 041 | 1 |
_apl _hende |
|
| 080 | _a159.922:1 | ||
| 920 | _a83-01-12441-5 | ||
| 942 | _cKS | ||
| 008 | s pl f |000 0 pol | ||
| 999 |
_c34277 _d34277 |
||
| 856 |
_uhttp://koha.tu.koszalin.pl/cgi-bin/koha/opac-detail.pl?biblionumber=34277 _yKatalog online BPK |
||